<?xml version="1.0" encoding="UTF-8"?>
<record
    xmlns:xsi="http://www.w3.org/2001/XMLSchema-instance"
    xsi:schemaLocation="http://www.loc.gov/MARC21/slim http://www.loc.gov/standards/marcxml/schema/MARC21slim.xsd"
    xmlns="http://www.loc.gov/MARC21/slim">

  <leader>02397nam a2200337   4500</leader>
  <datafield tag="999" ind1=" " ind2=" ">
    <subfield code="c">6588</subfield>
    <subfield code="d">6588</subfield>
  </datafield>
  <controlfield tag="008">240228b           ||||| |||| 00| 0 spa d</controlfield>
  <datafield tag="022" ind1=" " ind2=" ">
    <subfield code="a">9789873016776</subfield>
  </datafield>
  <datafield tag="245" ind1="1" ind2="0">
    <subfield code="a">Revista de Derechos de da&#xF1;os :</subfield>
    <subfield code="b">acciones de clase /</subfield>
    <subfield code="c">Jorge Mosset Iturraspe ; Ricardo Luis Lorenzetti directores.</subfield>
  </datafield>
  <datafield tag="260" ind1=" " ind2=" ">
    <subfield code="a">Buenos Aires :</subfield>
    <subfield code="b">Rubinzal Culzoni, </subfield>
    <subfield code="c">2024.</subfield>
  </datafield>
  <datafield tag="300" ind1=" " ind2=" ">
    <subfield code="a">655 p.</subfield>
    <subfield code="c">22 cm.</subfield>
  </datafield>
  <datafield tag="310" ind1=" " ind2=" ">
    <subfield code="a">cuatrimestral</subfield>
  </datafield>
  <datafield tag="362" ind1=" " ind2=" ">
    <subfield code="a">No. 3 (2024)</subfield>
  </datafield>
  <datafield tag="505" ind1=" " ind2=" ">
    <subfield code="t">Procesos colectivos y acciones de clase por da&#xF1;os /</subfield>
    <subfield code="r">Andrea A. Meroi</subfield>
  </datafield>
  <datafield tag="505" ind1=" " ind2=" ">
    <subfield code="t">Acci&#xF3;n por clase de personas, demandas por da&#xF1;os a derechos colectivos y demandas por da&#xF1;os masivos: &#xBF;el jard&#xED;n de los senderos que bifurcan? - apenas un poco de historia, cristalizaci&#xF3;n jur&#xED;dica y experiencias /</subfield>
    <subfield code="r">Jorge A. Barraguirre</subfield>
  </datafield>
  <datafield tag="505" ind1=" " ind2=" ">
    <subfield code="t">La necesidad de contar con una regulaci&#xF3;n espec&#xED;fica sobre acciones de clase para da&#xF1;os masivos en la argentina /</subfield>
    <subfield code="r">Aidilio Gustavo Fabiano</subfield>
  </datafield>
  <datafield tag="505" ind1=" " ind2=" ">
    <subfield code="t">La funci&#xF3;n del da&#xF1;o punitivo en la acci&#xF3;n de clase por da&#xF1;os /</subfield>
    <subfield code="r">Mar&#xED;a Jos&#xE9; Nieto Lamas</subfield>
  </datafield>
  <datafield tag="505" ind1=" " ind2=" ">
    <subfield code="t">La  relaci&#xF3;n causal en los da&#xF1;os a intereses individuales homog&#xE9;neos /</subfield>
    <subfield code="r">Mar&#xED;a Florencia Ramos Mart&#xED;nez</subfield>
  </datafield>
  <datafield tag="505" ind1=" " ind2=" ">
    <subfield code="t">La legitimaci&#xF3;n activa para demandar por acci&#xF3;n de clase por da&#xF1;os. la perspectiva argentina /</subfield>
    <subfield code="r">Abraham Luis Vargas</subfield>
  </datafield>
  <datafield tag="505" ind1=" " ind2=" ">
    <subfield code="t">La certificaci&#xF3;n de la representaci&#xF3;n adecuada de la clase en argentina /</subfield>
    <subfield code="r"> Ricardo A. Ostrower, Fernando M. Alemany y M&#xE1;ximo Cap&#xF3;N</subfield>
  </datafield>
  <datafield tag="505" ind1=" " ind2=" ">
    <subfield code="t">Desaf&#xED;os en materia de transacci&#xF3;n de los derechos individuales homog&#xE9;neos /</subfield>
    <subfield code="r">Santiago Soria y Marcos Palma</subfield>
  </datafield>
  <datafield tag="505" ind1=" " ind2=" ">
    <subfield code="t">Acciones de clase por da&#xF1;os al consumidor en argentina /</subfield>
    <subfield code="r">Jos&#xE9; Sahi&#xE1;n</subfield>
  </datafield>
  <datafield tag="505" ind1=" " ind2=" ">
    <subfield code="t">Acciones de clase y resarcimiento de da&#xF1;os al consumidor: costos y beneficios sociales de dise&#xF1;os institucionales alternativos /</subfield>
    <subfield code="r"> Pamela Tolosa</subfield>
  </datafield>
  <datafield tag="505" ind1=" " ind2=" ">
    <subfield code="t">La legitimaci&#xF3;n activa en las acciones colectivas indemnizatorias para la tutela de los intereses individuales homog&#xE9;neos de los consumidores en argentina /</subfield>
    <subfield code="r"> Juan Manuel Lavado Vargas</subfield>
  </datafield>
  <datafield tag="505" ind1=" " ind2=" ">
    <subfield code="t">El da&#xF1;o al individuo humano es da&#xF1;o ambiental (en casos ambientales) /</subfield>
    <subfield code="r">An&#xED;bal Falbo y Elisa Sraibe</subfield>
  </datafield>
  <datafield tag="650" ind1=" " ind2="0">
    <subfield code="9">3331</subfield>
    <subfield code="a">DA&#xD1;O</subfield>
  </datafield>
  <datafield tag="650" ind1=" " ind2="0">
    <subfield code="9">2080</subfield>
    <subfield code="a">DERECHOS DE INCIDENCIA COLECTIVA</subfield>
  </datafield>
  <datafield tag="650" ind1=" " ind2="0">
    <subfield code="9">7150</subfield>
    <subfield code="a">ACCIONES DE CLASE</subfield>
  </datafield>
  <datafield tag="700" ind1=" " ind2=" ">
    <subfield code="9">528</subfield>
    <subfield code="a">Mosset Iturraspe, Jorge </subfield>
    <subfield code="e">director</subfield>
  </datafield>
  <datafield tag="700" ind1=" " ind2=" ">
    <subfield code="9">529</subfield>
    <subfield code="a">Lorenzetti, Ricardo Luis</subfield>
    <subfield code="e">director</subfield>
  </datafield>
  <datafield tag="942" ind1=" " ind2=" ">
    <subfield code="2">udc</subfield>
    <subfield code="c">PP</subfield>
  </datafield>
  <datafield tag="952" ind1=" " ind2=" ">
    <subfield code="0">0</subfield>
    <subfield code="1">0</subfield>
    <subfield code="2">udc</subfield>
    <subfield code="4">0</subfield>
    <subfield code="7">0</subfield>
    <subfield code="a">DJS</subfield>
    <subfield code="b">DJS</subfield>
    <subfield code="d">2026-03-03</subfield>
    <subfield code="p">6748</subfield>
    <subfield code="r">2026-03-03</subfield>
    <subfield code="w">2026-03-03</subfield>
    <subfield code="y">PP</subfield>
  </datafield>
</record>
